| 000 | 00616nam a2200205Ia 4500 | ||
|---|---|---|---|
| 003 | IN-BaIIA | ||
| 008 | 211028s9999 xx 000 0 eng d | ||
| 020 | _a0-7210-0923-9 | ||
| 040 | _cIIA Library | ||
| 080 |
_a(035)624.012.45 _bREY |
||
| 100 |
_aReynolds,Charles E _98746 |
||
| 245 | 0 |
_aReinforced concrete designer's handbook _cC. E. Reynolds and J. C. Steedman |
|
| 250 | _a8th ed. | ||
| 260 |
_aLondon _bCement and Concrete Association _c1974 |
||
| 300 | _axv, 439p. | ||
| 650 |
_aCivil engineering _95496 |
||
| 650 |
_aHandbook-Civil Engineering. _98747 |
||
| 700 |
_aSteedman, James C. _98748 |
||
| 942 | _cBK | ||
| 999 |
_c4887 _d4887 |
||